Efektívny marketing
Veľký hráči na trhu. Výzvy pre menšie firmy. Marketing v stravovaní. Transformácia energie kultu krásneho a zdravého tela do podoby marketingovej výzvy. Efektívny marketing. Charakteristika marketingových prvkov.
Salvato in:
| Autore principale: | |
|---|---|
| Natura: | Capitolo di libro |
| Lingua: | slovacco |
| Soggetti: | |
| Tags: |
Nessun Tag, puoi essere il primo ad aggiungerne!!
|
MARC
| LEADER | 00000naa$a2200000$$$4500 | ||
|---|---|---|---|
| 001 | 0054117 | ||
| 005 | 20231108141734.4 | ||
| 041 | 0 | |a slo | |
| 044 | |a SK | ||
| 245 | 1 | 0 | |a Efektívny marketing |c Elena Horská |
| 520 | |a Veľký hráči na trhu. Výzvy pre menšie firmy. Marketing v stravovaní. Transformácia energie kultu krásneho a zdravého tela do podoby marketingovej výzvy. Efektívny marketing. Charakteristika marketingových prvkov. | ||
| 610 | 2 | 0 | |a marketing |
| 610 | 2 | 0 | |a produkty |
| 610 | 2 | 0 | |a potraviny |
| 610 | 2 | 0 | |a zákazníci |
| 610 | 2 | 0 | |a zdravie |
| 610 | 2 | 0 | |a firmy |
| 100 | 1 | |a Horská, Elena | |